00351nam a2200145Ia 4500003000500000005001700005008001400022040000900036082001500045100002400060245001900084260004800103300002200151521003200173322820220518112531.0210825s9999  c3228 aNSO F BAKG a BAKGALE, Kgalabi  0aLe ba meditse  bout of Africa Publishers aCape Town c1996 a112 pages c22 cm aAdult fiction north sotho